Detrás de las rejas / (Record no. 20517)
[ view plain ]
| 000 -CABECERA | |
|---|---|
| campo de control de longitud fija | 00931nam a2200241 a 4500 |
| 001 - NÚMERO DE CONTROL | |
| campo de control | 000021014 |
| 005 - FECHA Y HORA DE LA ÚLTIMA TRANSACCIÓN | |
| campo de control | 20221027122926.0 |
| 008 - DATOS DE LONGITUD FIJA--INFORMACIÓN GENERAL | |
| campo de control de longitud fija | 100830s1996 dr 000 0 spa d |
| 020 ## - NÚMERO INTERNACIONAL ESTÁNDAR DEL LIBRO | |
| Número Internacional Estándar del Libro | 8489539332 |
| 040 ## - FUENTE DE LA CATALOGACIÓN | |
| Centro catalogador/agencia de origen | DO-SdBNP |
| Lengua de catalogación | spa |
| Centro/agencia transcriptor | BNPHU |
| 082 ## - NÚMERO DE LA CLASIFICACIÓN DECIMAL DEWEY | |
| Número de clasificación | 972.93 |
| Número de documento/Ítem | T233d, 1996 |
| 100 1# - ENTRADA PRINCIPAL--NOMBRE DE PERSONA | |
| Nombre de persona | Taveras, Rafael |
| 9 (RLIN) | 73924 |
| 245 10 - MENCIÓN DE TÍTULO | |
| Título | Detrás de las rejas / |
| Mención de responsabilidad, etc. | Rafael Fafa Taveras. |
| 250 ## - MENCIÓN DE EDICIÓN | |
| Mención de edición | 2a. ed. |
| 260 ## - PUBLICACIÓN, DISTRIBUCIÓN, ETC. | |
| Lugar de publicación, distribución, etc. | Santo Domingo : |
| Nombre del editor, distribuidor, etc. | De Colores, |
| Fecha de publicación, distribución, etc. | 1996. |
| 300 ## - DESCRIPCIÓN FÍSICA | |
| Extensión | 213 p. ; |
| Dimensiones | 22 cm. |
| 500 ## - NOTA GENERAL | |
| Nota general | Incluye 40datos biográficos del autor en las solapas |
| 590 ## - NOTA LOCAL (RLIN) | |
| Nota local | Inventariado, 2020/VM |
| 650 #4 - PUNTO DE ACCESO ADICIONAL DE MATERIA--TÉRMINO DE MATERIA | |
| Término de materia o nombre geográfico como elemento de entrada | Presos políticos |
| Subdivisión geográfica | República Dominicana |
| Subdivisión general | Relatos personales |
| Subdivisión de forma | ENSAYOS, CONFERENCIAS, ETC. |
| 9 (RLIN) | 43973 |
| 651 #4 - PUNTO DE ACCESO ADICIONAL DE MATERIA--NOMBRE GEOGRÁFICO | |
| Nombre geográfico | República Dominicana |
| Subdivisión general | Historia |
| Subdivisión cronológica | 1961- |
| Subdivisión de forma | ENSAYOS, CONFERENCIAS, ETC. |
| 9 (RLIN) | 17097 |
| 651 #4 - PUNTO DE ACCESO ADICIONAL DE MATERIA--NOMBRE GEOGRÁFICO | |
| Nombre geográfico | República Dominicana |
| Subdivisión general | Política Y Gobierno |
| Subdivisión cronológica | 1961- |
| Subdivisión de forma | ENSAYOS, CONFERENCIAS, ETC |
| 9 (RLIN) | 17098 |
| 910 ## - DATOS DE OPCIÓN DEL USUARIO (OCLC) | |
| Datos de opción del usuario | Validado. Control de calidad MFF |
| Estado de retiro | Estado de pérdida | No para préstamo | Código de colección | Localización permanente | Ubicación/localización actual | Ubicación en estantería | Fecha de adquisición | Número de inventario | Total de préstamos | Signatura topográfica completa | Código de barras | Fecha visto por última vez | Precio válido a partir de | Tipo de ítem Koha |
|---|---|---|---|---|---|---|---|---|---|---|---|---|---|---|
| Excluido de préstamo | Patrimonio Dominicano | Patrimonio Dominicano | Patrimonio Dominicano | Depósito | 30.08.2010 | LF1 | 972.93 T233d, 1996 | 21014-10 | 25.06.2020 | 25.06.2020 | Libro y Folleto Colección Patrimonio Dominicano |
